| 000 | 00408nam a2200145Ia 4500 | ||
|---|---|---|---|
| 008 | 230917s9999||||xx |||||||||||||| ||und|| | ||
| 040 |
_e95631 _aMAIN |
||
| 041 | _aEnglish | ||
| 082 | _a301.451 G959C | ||
| 100 | _aGupta, Dipankar | ||
| 245 | 0 | _aContext of ethnicity: Sikh identity in a comparative perspective | |
| 260 |
_aNew York _bOxford University Press _c2002 |
||
| 300 | _axii, 241 p. | ||
| 942 | _cBK | ||
| 999 |
_c115731 _d115731 |
||